000 00283nam a22001337a 4500
008 170403b xxu||||| |||| 00| 0 eng d
020 _a2900073256503
041 _aeng
080 _a574
100 _a9
101 _aSHM
245 _aTHE GOOD EARTH
_cMCCONELL
942 _2udc
_cBK
999 _c9488
_d9488